Normal view
MARC view
Entry Personal Name
001 - CONTROL NUMBER
- control field: 1236599
003 - CONTROL NUMBER IDENTIFIER
- control field: OSt
005 - DATE AND TIME OF LATEST TRANSACTION
- control field: 20260430150139.0
008 - FIXED-LENGTH DATA ELEMENTS
- fixed length control field: 260430|| aca||aabn | a|a d
040 ## - CATALOGING SOURCE
- Original cataloging agency: OSt
- Transcribing agency: OSt
100 ## - HEADING--PERSONAL NAME
- Personal name: Asha Rani Au.; Pandey Anu Gu
670 ## - SOURCE DATA FOUND
- Source citation: Work cat.: (OSt)1849066: Asha Rani Au.; Pandey Anu Gu., price discovery and volatility spillover effects across the stock markets of developed and BRICS countries: An empirical analysis, 2021
